Ferrocarril Baeza-Albacete / (Record no. 39393)

MARC details
000 -LEADER
campo de control de longitud fija 00704nam a2200193 i 4500
001 - NÚMERO DE CONTROL
campo de control 39393
003 - IDENTIFICADOR DE NÚMERO DE CONTROL
campo de control ES-MaACL
005 - FECHA Y HORA DE LA ÚLTIMA TRANSACCIÓN
campo de control 20250901204901.0
007 - CAMPO FIJO DE DESCRIPCIÓN FÍSICA--INFORMACIÓN GENERAL
campo de control de longitud fija t|
008 - DATOS DE LONGITUD FIJA--INFORMACIÓN GENERAL
campo de control de longitud fija 030303s1968 sp ||||1| spa d
110 20 - ENTRADA PRINCIPAL--NOMBRE DE ENTIDAD CORPORATIVA
Nombre de entidad corporativa o nombre de jurisdicción como elemento de entrada Cámara Oficial de Comercio e Industria de la Provincia de Jaén
9 (RLIN) 2378
245 10 - MENCIÓN DEL TÍTULO
Título Ferrocarril Baeza-Albacete /
Mención de responsabilidad, etc. informe elevado por las Cámaras de Comercio de Jaen y Albacete a la Comisión de Trabajo.
260 ## - PUBLICACIÓN, DISTRIBUCIÓN, ETC.
Lugar de publicación, distribución, etc. Jaen :
Nombre del editor, distribuidor, etc. [s.n.,
Fecha de publicación, distribución, etc. 1968]
300 ## - DESCRIPCIÓN FÍSICA
Extensión III, 74 p. :
Otras características físicas 2 map. ;
Dimensiones 30 cm.
500 ## - NOTA GENERAL
Nota general Ejemplar multicopista.
710 2# - ENTRADA AGREGADA--NOMBRE DE ENTIDAD CORPORATIVA
Nombre de entidad corporativa o nombre de jurisdicción como elemento de entrada Cámara Oficial de Comercio e Industria de Albacete
9 (RLIN) 2373
852 ## - LOCALIZACIÓN
Ubicación ES-MaACL
Número de control de estantería C-35745
Sublocalización o colección R.65543
Holdings
Estatus retirado Estado de pérdida Estado de daño No para préstamo Biblioteca de origen Biblioteca actual Ubicación en estantería Fecha de adquisición Fuente de adquisición Total de préstamos Signatura topográfica completa Código de barras Visto por última vez Precio de reemplazo Tipo de ítem Koha
        Biblioteca del Ateneo de Madrid Biblioteca del Ateneo de Madrid Depósito 2 17/01/2008     C-35745 1041489 23/02/2023 23/02/2023 Libro impreso